[Event "15. Sparkassen Open 2016 - Gruppe B"]
[Site "Forchheim"]
[Date "2016.10.01"]
[Round "1.1"]
[White "Siegl, Melina"]
[Black "Schlötterer, Hermann"]
[Result "1-0"]
[WhiteElo "1950"]
[BlackElo "1843"]
[PlyCount "49"]
[EventDate "2016.??.??"]
[WhiteTeam "SW Nürnberg Süd"]
[BlackTeam "Zabo-Eintracht Nürnberg"]

1. e4 Nf6 2. e5 Nd5 3. c4 Nb6 4. d4 d6 5. exd6 exd6 6. Nc3 Be7 7. Bd3 Nc6 8.
Be3 Bf6 9. Nge2 Bg4 10. h3 Bh5 11. g4 Bg6 12. a3 a5 13. Nf4 Bxd3 14. Qxd3 O-O
15. h4 Re8 16. O-O-O a4 17. g5 Be7 18. Rdg1 Na5 19. Ne4 Kh8 20. h5 Nbxc4 21. g6
Bf6 22. gxf7 Rxe4 23. Qxe4 Nb3+ 24. Kc2 Nxe3+ 25. fxe3 1-0

[Event "15. Sparkassen Open 2016 - Gruppe B"]
[Site "Forchheim"]
[Date "2016.10.01"]
[Round "1.2"]
[White "Brenzinger, Thomas"]
[Black "Wulf, Jürgen"]
[Result "1/2-1/2"]
[WhiteElo "1781"]
[BlackElo "1932"]
[PlyCount "49"]
[EventDate "2016.??.??"]
[WhiteTeam "SK Mannheim-Lindenhof"]
[BlackTeam "SK Markdorf"]

1. d4 Nf6 2. c4 e6 3. Nc3 Bb4 4. Qc2 O-O 5. Nf3 c5 6. a3 Bxc3+ 7. Qxc3 Ne4 8.
Qc2 f5 9. e3 b6 10. b3 Bb7 11. Bb2 d6 12. O-O-O Nd7 13. Bd3 Rc8 14. Kb1 b5 15.
Qe2 bxc4 16. Bxc4 d5 17. Bd3 Nb6 18. Ne5 cxd4 19. Bxe4 dxe4 20. Rxd4 Nd5 21.
Rc1 Rxc1+ 22. Kxc1 Qd6 23. Qb5 Qxe5 24. Qxb7 Rf7 25. Qc8+ 1/2-1/2

[Event "15. Sparkassen Open 2016 - Gruppe B"]
[Site "Forchheim"]
[Date "2016.10.01"]
[Round "1.3"]
[White "Pikal, Alexander"]
[Black "Krumschmidt, Michael"]
[Result "1-0"]
[WhiteElo "1962"]
[BlackElo "1692"]
[PlyCount "55"]
[EventDate "2016.??.??"]
[WhiteTeam "SC Ansbach"]
[BlackTeam "Hamelner SV"]

1. f4 c5 2. Nf3 d5 3. e3 Nc6 4. Bb5 a6 5. Bxc6+ bxc6 6. Ne5 Qc7 7. b3 Nf6 8.
Bb2 a5 9. a4 Ba6 10. d3 Rb8 11. Nd2 e6 12. O-O Bd6 13. Bc3 Qb6 14. Rf3 Rd8 15.
Rg3 Bf8 16. Qf3 h5 17. Rh3 Ng4 18. Nxg4 hxg4 19. Qxg4 Rxh3 20. Qxh3 d4 21. exd4
cxd4 22. Bb2 Qc7 23. f5 Bc8 24. fxe6 Bxe6 25. Qf3 Bd6 26. h3 c5 27. Re1 Kf8 28.
Rxe6 1-0

[Event "15. Sparkassen Open 2016 - Gruppe B"]
[Site "Forchheim"]
[Date "2016.10.01"]
[Round "1.4"]
[White "Mönius, Oliver"]
[Black "Lutter, Maximilian"]
[Result "1/2-1/2"]
[WhiteElo "1787"]
[BlackElo "1842"]
[PlyCount "26"]
[EventDate "2016.??.??"]
[WhiteTeam "SC Höchstadt/Aisch"]
[BlackTeam "SK Neumarkt"]

1. e4 e6 2. d4 d5 3. Nd2 c5 4. exd5 Qxd5 5. dxc5 Bxc5 6. Ngf3 Nf6 7. Bd3 O-O 8.
O-O b6 9. a3 Bb7 10. b4 Be7 11. Bb2 Nbd7 12. Qe2 a5 13. c3 Qh5 1/2-1/2

[Event "15. Sparkassen Open 2016 - Gruppe B"]
[Site "Forchheim"]
[Date "2016.10.01"]
[Round "1.5"]
[White "Modric, Vladimir"]
[Black "Faust, Bernhard"]
[Result "0-1"]
[WhiteElo "1960"]
[BlackElo "1775"]
[PlyCount "44"]
[EventDate "2016.??.??"]
[WhiteTeam "SC Nied"]
[BlackTeam "SK Rothenburg"]

1. c4 b6 2. Nc3 Bb7 3. d3 e6 4. b3 f5 5. Bb2 Nf6 6. e4 fxe4 7. dxe4 Bb4 8. Bd3
O-O 9. Qc2 Nc6 10. Nf3 e5 11. O-O Nh5 12. Nd5 Rxf3 13. gxf3 Bd6 14. Kh1 Qh4 15.
Rg1 Nd4 16. Bxd4 exd4 17. Rg2 Rf8 18. Qe2 Bxd5 19. exd5 Nf4 20. Qf1 Nxg2 21.
Qxg2 Rxf3 22. Rg1 Qf6 0-1

[Event "15. Sparkassen Open 2016 - Gruppe B"]
[Site "Forchheim"]
[Date "2016.10.01"]
[Round "1.6"]
[White "Eichenauer, Pascal"]
[Black "Gebhardt, Christian"]
[Result "0-1"]
[WhiteElo "1878"]
[BlackElo "1913"]
[PlyCount "57"]
[EventDate "2016.??.??"]
[WhiteTeam "SV Würzburg"]
[BlackTeam "SV Seubelsdorf"]

1. e4 e6 2. d4 d5 3. exd5 exd5 4. c4 Nf6 5. Nf3 Be7 6. Nc3 O-O 7. Bf4 Nc6 8.
Ne5 Re8 9. Be2 Be6 10. Nxc6 bxc6 11. c5 Ne4 12. O-O Bg5 13. Qc1 Rb8 14. Bxg5
Qxg5 15. Qxg5 Nxg5 16. b3 Bc8 17. Rad1 f5 18. Rd2 Kf7 19. Rb1 a5 20. f3 f4 21.
Kf2 Rb4 22. a3 Rb8 23. b4 Re3 24. Rd3 Bf5 25. Rxe3 fxe3+ 26. Kxe3 Bxb1 27. Nxb1
axb4 28. axb4 Rxb4 29. Na3 0-1

[Event "15. Sparkassen Open 2016 - Gruppe B"]
[Site "Forchheim"]
[Date "2016.10.01"]
[Round "1.7"]
[White "Meulner, Fabian"]
[Black "Sindermann, Peter"]
[Result "1-0"]
[WhiteElo "1870"]
[BlackElo "1964"]
[PlyCount "63"]
[EventDate "2016.??.??"]
[WhiteTeam "SW Nürnberg Süd"]
[BlackTeam "SK Weilheim"]

1. e4 c5 2. Nf3 a6 3. c3 b5 4. d4 cxd4 5. cxd4 Bb7 6. Bd3 Nf6 7. Qe2 e6 8. O-O
Be7 9. Nbd2 O-O 10. Rd1 d6 11. Nf1 Nbd7 12. Ng3 Rc8 13. a4 bxa4 14. Rxa4 Nb6
15. Ra1 d5 16. e5 Ne8 17. Nh5 a5 18. Bb1 a4 19. Qd3 g6 20. Bh6 Nc4 21. Ra2 Ba6
22. Bxf8 Bxf8 23. Nf4 Bh6 24. g3 Nxb2 25. Qxa6 Nxd1 26. Nxe6 fxe6 27. Qxe6+ Kh8
28. Rc2 Rxc2 29. Bxc2 Nc3 30. Qf7 a3 31. Ng5 Bxg5 32. Qf8# 1-0

[Event "15. Sparkassen Open 2016 - Gruppe B"]
[Site "Forchheim"]
[Date "2016.10.01"]
[Round "1.8"]
[White "Koelbl, Wolfgang"]
[Black "Roth, Jakob"]
[Result "1-0"]
[WhiteElo "1815"]
[BlackElo "1872"]
[PlyCount "111"]
[EventDate "2016.??.??"]
[WhiteTeam "SK Klosterlechfeld"]
[BlackTeam "Spvgg Stetten"]

1. d4 d5 2. Nf3 Nf6 3. Bf4 e6 4. e3 c5 5. c3 Nc6 6. Nbd2 Be7 7. h3 O-O 8. Bd3
cxd4 9. exd4 a6 10. O-O b5 11. b4 Qb6 12. Qe2 a5 13. bxa5 Rxa5 14. Nb3 Ra3 15.
Bxb5 Ne4 16. Rfc1 Na5 17. Nfd2 f5 18. c4 Nxb3 19. Nxb3 g5 20. c5 Qd8 21. Be5
Bf6 22. Bh2 Rxb3 23. axb3 Bxd4 24. b4 Nxf2 25. Kf1 Qf6 26. Ra7 f4 27. Qh5 h6
28. Bg1 Ne4 29. Bxd4 Ng3+ 30. Ke1 e5 31. Qf3 exd4 32. Qxd5+ Be6 33. Qf3 Qe5+
34. Kf2 Ne4+ 35. Kg1 g4 36. hxg4 Ng5 37. Qe2 Qf6 38. Rf1 f3 39. Rxf3 Nxf3+ 40.
gxf3 Bd5 41. Bc4 Bxc4 42. Qxc4+ Kh8 43. Qd3 Rf7 44. Rxf7 Qxf7 45. Qxd4+ Kg8 46.
Qd8+ Kg7 47. Qd4+ Kg8 48. Kg2 Kh7 49. c6 Qa2+ 50. Kg3 h5 51. Qe4+ Kh6 52. Qf4+
Kh7 53. Qf5+ Kg7 54. Qg5+ Kf8 55. c7 h4+ 56. Qxh4 1-0

[Event "15. Sparkassen Open 2016 - Gruppe B"]
[Site "Forchheim"]
[Date "2016.10.01"]
[Round "1.9"]
[White "Petrashov, Alexander"]
[Black "Hummel, Thomas"]
[Result "1/2-1/2"]
[WhiteElo "1785"]
[BlackElo "1906"]
[PlyCount "42"]
[EventDate "2016.??.??"]
[WhiteTeam "SC Noris-Tarrasch Nürnberg"]
[BlackTeam "SK Neumarkt"]

1. d4 g6 2. c4 d6 3. Nc3 Bg7 4. e4 Nf6 5. Bd3 c6 6. Nge2 Qc7 7. O-O Nbd7 8. f4
e5 9. c5 dxc5 10. dxe5 Ng8 11. Ng3 Ne7 12. Qb3 Qb6 13. Qc4 Qb4 14. e6 fxe6 15.
Be3 Qxc4 16. Bxc4 Nb6 17. Bb3 Bd4 18. Bxd4 cxd4 19. Nce2 c5 20. Rac1 d3 21. Nc3
Bd7 1/2-1/2

[Event "15. Sparkassen Open 2016 - Gruppe B"]
[Site "Forchheim"]
[Date "2016.10.01"]
[Round "1.10"]
[White "Jülg, Gabriel"]
[Black "Spieker, Hans-Joachim"]
[Result "1/2-1/2"]
[WhiteElo "1821"]
[BlackElo "1890"]
[PlyCount "82"]
[EventDate "2016.??.??"]
[WhiteTeam "SK Ettlingen"]
[BlackTeam "Hamelner SV"]

1. d4 Nf6 2. c4 g6 3. Nc3 d5 4. cxd5 Nxd5 5. e4 Nxc3 6. bxc3 Bg7 7. Nf3 c5 8.
Be2 O-O 9. Be3 Nc6 10. O-O cxd4 11. Nxd4 Bd7 12. Qb3 e5 13. Nb5 Be6 14. Qa3 a6
15. Nd6 Qc7 16. Rfd1 Rfd8 17. Rab1 Bf8 18. Bc5 b5 19. Rd2 Na5 20. Bb4 Nb7 21.
Rbd1 a5 22. Nxb5 Qb6 23. Bxf8 Rxd2 24. Rxd2 Rxf8 25. h3 Rc8 26. Qb2 Qc6 27. f3
a4 28. Kh2 Rb8 29. Nd6 Qc7 30. Nxb7 Rxb7 31. Qc2 a3 32. Qc1 Qc5 33. Rd8+ Kg7
34. Ra8 Rb2 35. Bf1 Qd6 36. c4 Rxa2 37. c5 Qd4 38. Rxa3 Rd2 39. Qc3 Rd1 40. Be2
Rd2 41. Bf1 Rd1 1/2-1/2

[Event "15. Sparkassen Open 2016 - Gruppe B"]
[Site "Forchheim"]
[Date "2016.10.01"]
[Round "1.11"]
[White "Walter, Stefan"]
[Black "Auth, Bernhard"]
[Result "1-0"]
[WhiteElo "1934"]
[BlackElo "1753"]
[PlyCount "117"]
[EventDate "2016.??.??"]
[WhiteTeam "SGem Fürth"]
[BlackTeam "SC Bad Windsheim"]

1. e4 d5 2. exd5 Qxd5 3. Nc3 Qa5 4. d4 c6 5. Nf3 Nf6 6. Bc4 Bf5 7. Ne5 e6 8. g4
Be4 9. O-O Bd5 10. Bd3 h6 11. f4 Qb6 12. Qe2 Nbd7 13. Nxd7 Kxd7 14. g5 hxg5 15.
fxg5 Bd6 16. Nxd5 Nxd5 17. Rxf7+ Ne7 18. Be3 Bxh2+ 19. Kg2 Qc7 20. Qf3 Rag8 21.
c4 Ke8 22. d5 Qe5 23. Rb1 cxd5 24. Bf4 Bxf4 25. Qxf4 Qxf4 26. Rxf4 Rh5 27. g6
Rg5+ 28. Kf3 Nxg6 29. Bxg6+ Rxg6 30. Re1 Kd8 31. cxd5 exd5 32. Re5 Rd6 33. Rff5
d4 34. Rd5 Ke7 35. Rf7+ Ke6 36. Rxd6+ Kxd6 37. Rxb7 g5 38. Rxa7 g4+ 39. Kg3 d3
40. Ra3 d2 41. Rd3+ Kc5 42. Rxd2 Kc4 43. Rc2+ Kb4 44. Rf2 Kc5 45. Rf5+ Kc6 46.
Rf4 Rb8 47. b3 Ra8 48. a4 Kc5 49. b4+ Kd5 50. b5 Kc5 51. Kxg4 Kb6 52. Kf3 Ka5
53. Ke3 Rd8 54. Rd4 Rh8 55. Ke4 Rh5 56. Kd3 Rh1 57. Kc3 Rh3+ 58. Kc4 Ra3 59.
Kc5 1-0

[Event "15. Sparkassen Open 2016 - Gruppe B"]
[Site "Forchheim"]
[Date "2016.10.01"]
[Round "1.12"]
[White "Loeke, Patrick"]
[Black "Lutz, Ruben"]
[Result "1/2-1/2"]
[WhiteElo "1921"]
[BlackElo "1846"]
[PlyCount "94"]
[EventDate "2016.??.??"]
[WhiteTeam "MSA Zugzwang"]
[BlackTeam "USV TU Dresden"]

1. d4 d5 2. c4 e6 3. Nc3 Nf6 4. cxd5 exd5 5. Bg5 Nbd7 6. e3 c6 7. Bd3 Be7 8.
Qc2 O-O 9. Nge2 Re8 10. O-O Nf8 11. f3 Be6 12. Rad1 N6d7 13. Bxe7 Qxe7 14. e4
Nb6 15. e5 c5 16. f4 c4 17. Bf5 a6 18. Bxe6 fxe6 19. f5 exf5 20. Qxf5 Ne6 21.
Qf3 Rad8 22. Qg4 Na8 23. Ng3 Nac7 24. Nf5 Qg5 25. Qxg5 Nxg5 26. Nd6 Rf8 27. a4
b6 28. h4 Nge6 29. g3 Rxf1+ 30. Kxf1 Rb8 31. Ke2 b5 32. axb5 axb5 33. Nf5 Re8
34. Ke3 b4 35. Na2 Na6 36. Ra1 b3 37. Nc3 Nb4 38. Ra5 Nc2+ 39. Kd2 Nexd4 40.
Nxd4 Nxd4 41. Rxd5 Nf3+ 42. Ke3 Nxe5 43. Kd4 Ng4 44. Rc5 Ne3 45. Ne4 Nc2+ 46.
Kd5 Nb4+ 47. Kd4 Nc2+ 1/2-1/2

[Event "15. Sparkassen Open 2016 - Gruppe B"]
[Site "Forchheim"]
[Date "2016.10.01"]
[Round "1.13"]
[White "Mönius, Alexander"]
[Black "Obernöder, Thomas"]
[Result "1-0"]
[WhiteElo "1893"]
[BlackElo "1767"]
[PlyCount "83"]
[EventDate "2016.??.??"]
[WhiteTeam "SC Höchstadt/Aisch"]
[BlackTeam "SK Weilheim"]

1. d4 Nf6 2. c4 e6 3. Nf3 b6 4. Bg5 Bb7 5. e3 d5 6. cxd5 Qxd5 7. Nc3 Bb4 8.
Qa4+ Nc6 9. Bb5 Bxc3+ 10. bxc3 O-O 11. Bxf6 gxf6 12. Ba6 Bxa6 13. Qxa6 Na5 14.
O-O Kh8 15. Qe2 Rg8 16. g3 c5 17. Nd2 cxd4 18. cxd4 Rac8 19. Rfb1 Rc2 20. Qd3
Rgc8 21. Ne4 f5 22. Ng5 Kg8 23. e4 fxe4 24. Nxe4 Qf5 25. Rb5 Rxa2 26. Nf6+ Kg7
27. Qxf5 exf5 28. Rxf5 Ra4 29. Re1 Nc6 30. Rf3 Nd8 31. Re7 Rc6 32. Nh5+ Kg6 33.
Nf4+ Kg7 34. Rxa7 Ra1+ 35. Kg2 Rcc1 36. Rfa3 Ra2 37. Nh5+ Kg6 38. Nf4+ Kg7 39.
Ra8 Rca1 40. R3a7 Nc6 41. Ne6+ Kg6 42. Rxf7 1-0

[Event "15. Sparkassen Open 2016 - Gruppe B"]
[Site "Forchheim"]
[Date "2016.10.01"]
[Round "1.14"]
[White "Rieber, René"]
[Black "Wiesner, Frank"]
[Result "0-1"]
[WhiteElo "1898"]
[BlackElo "1874"]
[PlyCount "56"]
[EventDate "2016.??.??"]
[WhiteTeam "SC Ansbach"]
[BlackTeam "SK Wernau"]

1. Nc3 c5 2. g3 Nc6 3. Bg2 e6 4. e4 Nf6 5. d3 h6 6. f4 d6 7. Nf3 Qc7 8. O-O a6
9. Ne2 b5 10. b3 Bb7 11. Bb2 Be7 12. e5 Ng4 13. exd6 Bxd6 14. Qd2 Nf6 15. Bxf6
gxf6 16. Nh4 O-O-O 17. c3 Be7 18. f5 e5 19. Qe3 Rd7 20. Rad1 Rhd8 21. Rd2 Bf8
22. Be4 Ne7 23. a4 Bxe4 24. Qxe4 Qc6 25. Qxc6+ Nxc6 26. axb5 axb5 27. Rfd1 Na5
28. Nc1 h5 0-1

[Event "15. Sparkassen Open 2016 - Gruppe B"]
[Site "Forchheim"]
[Date "2016.10.01"]
[Round "1.15"]
[White "Hofmann, Marko"]
[Black "Balhar, Michael"]
[Result "1-0"]
[WhiteElo "1796"]
[BlackElo "1769"]
[PlyCount "43"]
[EventDate "2016.??.??"]
[WhiteTeam "SV Seubelsdorf"]
[BlackTeam "SC Erlangen"]

1. d4 d5 2. e4 e6 3. Nc3 dxe4 4. f3 c5 5. Bf4 Bd6 6. Bxd6 Qxd6 7. Nb5 Qb6 8.
dxc5 Qxc5 9. Nd6+ Ke7 10. Nxe4 Qe5 11. Qd3 f5 12. O-O-O Nf6 13. Qa3+ Kf7 14.
Nd6+ Kg6 15. Nh3 Nd5 16. Bd3 Rd8 17. Bxf5+ exf5 18. Rxd5 Qe7 19. Nf4+ Kf6 20.
h4 Nc6 21. Qe3 Ne5 22. Re1 1-0

[Event "15. Sparkassen Open 2016 - Gruppe B"]
[Site "Forchheim"]
[Date "2016.10.01"]
[Round "1.16"]
[White "Heckel, Wolfgang"]
[Black "Zeltner, Ottmar"]
[Result "1/2-1/2"]
[WhiteElo "1614"]
[BlackElo "1971"]
[PlyCount "56"]
[EventDate "2016.??.??"]
[WhiteTeam "TSG Ellingen"]
[BlackTeam "SK Rothenburg"]

1. d4 g6 2. Nf3 Bg7 3. Bf4 Nf6 4. e3 O-O 5. Bd3 d6 6. c3 Nbd7 7. O-O c6 8. a4
Qc7 9. e4 e5 10. dxe5 dxe5 11. Be3 Ng4 12. Bc1 Nc5 13. b4 Nxd3 14. Qxd3 Rd8 15.
Qe2 a5 16. Rd1 Rxd1+ 17. Qxd1 axb4 18. cxb4 Qb6 19. Qe1 f6 20. h3 Nh6 21. Be3
Qc7 22. Nbd2 Be6 23. Qc1 Nf7 24. Nc4 Nd6 25. Nxd6 Qxd6 26. Qd2 Bf8 27. Qxd6
Bxd6 28. Bd2 Bxh3 1/2-1/2

[Event "15. Sparkassen Open 2016 - Gruppe B"]
[Site "Forchheim"]
[Date "2016.10.01"]
[Round "1.17"]
[White "Knauer, Olaf"]
[Black "Jacob, Karl-Heinz"]
[Result "1/2-1/2"]
[WhiteElo "1834"]
[BlackElo "1744"]
[PlyCount "61"]
[EventDate "2016.??.??"]
[WhiteTeam "SK Weidhausen"]
[BlackTeam "SG Sonneberg"]

1. d4 f5 2. Nf3 Nf6 3. c4 e6 4. Nc3 Be7 5. g3 O-O 6. Bg2 c6 7. O-O d5 8. Qb3
Ne4 9. Ne5 Nd7 10. f3 Nxe5 11. fxe4 dxc4 12. Qd1 Ng6 13. exf5 exf5 14. Kh1 Be6
15. Qc2 Qxd4 16. Bf4 Nxf4 17. Rxf4 Qb6 18. Na4 Qc7 19. Nc3 Bg5 20. Rf3 Rad8 21.
e3 Rd7 22. Bh3 g6 23. e4 Rd2 24. Qb1 Qe5 25. Qf1 Bh6 26. Re1 fxe4 27. Rxf8+
Bxf8 28. Nxe4 Bd5 29. Bg2 Bxe4 30. Rxe4 Qd6 31. Qxc4+ 1/2-1/2

[Event "15. Sparkassen Open 2016 - Gruppe B"]
[Site "Forchheim"]
[Date "2016.10.01"]
[Round "1.18"]
[White "Wirth, Reinhard"]
[Black "Huber, Lukas"]
[Result "0-1"]
[WhiteElo "1732"]
[BlackElo "1924"]
[PlyCount "23"]
[EventDate "2016.??.??"]
[WhiteTeam "SC Bergrheinfeld"]
[BlackTeam "SC Tannhausen"]

1. e4 e6 2. d4 d5 3. Nd2 Nf6 4. e5 Nfd7 5. Bd3 c5 6. c3 Nc6 7. Ne2 Be7 8. O-O
Qb6 9. a4 cxd4 10. a5 Nxa5 11. cxd4 O-O 12. Nf3 0-1

[Event "15. Sparkassen Open 2016 - Gruppe B"]
[Site "Forchheim"]
[Date "2016.10.01"]
[Round "1.19"]
[White "Stoll, Stefan"]
[Black "Paeslack, Luis"]
[Result "1/2-1/2"]
[WhiteElo "2003"]
[BlackElo "1794"]
[PlyCount "68"]
[EventDate "2016.??.??"]
[WhiteTeam "SK Mering"]
[BlackTeam "SK Mainaschaff"]

1. d4 Nf6 2. c4 c5 3. d5 g6 4. Nc3 d6 5. e4 Bg7 6. Bd3 O-O 7. Nge2 e6 8. O-O
exd5 9. cxd5 Nbd7 10. Ng3 Ne5 11. Bc2 a6 12. a4 Rb8 13. h3 Ne8 14. f4 Qh4 15.
Nce2 Nc4 16. Ra2 b5 17. axb5 axb5 18. Bd3 Bd7 19. Bxc4 bxc4 20. Qc2 Bb5 21. Bd2
Nf6 22. Rfa1 Nh5 23. Nxh5 Qxh5 24. Bc3 Bxc3 25. Nxc3 Qh4 26. Qf2 Qf6 27. Ra7
Rb6 28. R1a5 Rfb8 29. Ra8 Bd7 30. Rxb8+ Rxb8 31. Ra6 Qd4 32. Ra2 Rb3 33. Kf1
Qd3+ 34. Qe2 Kg7 1/2-1/2

[Event "15. Sparkassen Open 2016 - Gruppe B"]
[Site "Forchheim"]
[Date "2016.10.01"]
[Round "1.21"]
[White "Spangenberg, Romy"]
[Black "Hetzner, Hannes"]
[Result "1/2-1/2"]
[WhiteElo "1862"]
[BlackElo "1368"]
[PlyCount "70"]
[EventDate "2016.??.??"]
[WhiteTeam "SC Leipzig-Lindenau"]
[BlackTeam "SC Erlangen"]

1. e4 e6 2. d4 d5 3. Nc3 Bb4 4. exd5 exd5 5. Bd3 Ne7 6. Nge2 Bf5 7. O-O Nbc6 8.
Be3 Qd7 9. Ng3 Bxc3 10. bxc3 Bg6 11. Rb1 Na5 12. Qe2 Bxd3 13. cxd3 b5 14. Bg5
f6 15. Bd2 O-O 16. Rfe1 Nec6 17. Qe6+ Qxe6 18. Rxe6 Kf7 19. Rbe1 Rfe8 20. Rxe8
Rxe8 21. Kf1 Nb7 22. Bf4 Rxe1+ 23. Kxe1 Nd6 24. Bxd6 cxd6 25. Nf5 b4 26. Kd2 g5
27. Nxd6+ Ke6 28. Nb5 bxc3+ 29. Kxc3 Kd7 30. Kd2 a6 31. Nc3 Kd6 32. Ke3 Nb4 33.
Kd2 Nc6 34. Ne2 a5 35. a4 Ke6 1/2-1/2

[Event "15. Sparkassen Open 2016 - Gruppe B"]
[Site "Forchheim"]
[Date "2016.10.01"]
[Round "1.22"]
[White "Baumgärtner, Frank"]
[Black "Pohl, Steffen"]
[Result "0-1"]
[WhiteElo "1823"]
[BlackElo "1884"]
[PlyCount "108"]
[EventDate "2016.??.??"]
[WhiteTeam "Kronacher SK"]
[BlackTeam "SK Schwanstetten"]

1. d4 Nf6 2. Nf3 c5 3. e3 g6 4. Bd3 Bg7 5. c3 b6 6. Nbd2 d5 7. O-O O-O 8. Re1
Bb7 9. Qe2 Nc6 10. Rb1 Re8 11. Ne5 e6 12. Bb5 Qc7 13. f4 Nd7 14. Ndf3 f6 15.
Nxc6 Bxc6 16. Bxc6 Qxc6 17. e4 e5 18. exd5 Qxd5 19. c4 Qd6 20. fxe5 fxe5 21. d5
h6 22. Nd2 Nf6 23. Ne4 Nxe4 24. Qxe4 Rf8 25. Bd2 Rf5 26. Rf1 Raf8 27. g4 Rxf1+
28. Rxf1 Rxf1+ 29. Kxf1 Qf6+ 30. Kg2 Bf8 31. Qf3 Kf7 32. Qxf6+ Kxf6 33. Kf3 g5
34. Ke4 a5 35. a4 Bd6 36. Be1 Kg6 37. Bg3 Kf6 38. b3 Bc7 39. h4 Bd6 40. Be1 Bc7
41. hxg5+ hxg5 42. Bd2 Bd6 43. Be3 Bc7 44. Bc1 Bd6 45. Bb2 Bc7 46. d6 Bxd6 47.
Kd5 Bc7 48. Kc6 Bd8 49. Kd7 Be7 50. Bxe5+ Kxe5 51. Kxe7 Kf4 52. Kd6 Kxg4 53.
Kc6 Kf4 54. Kb5 g4 0-1

[Event "15. Sparkassen Open 2016 - Gruppe B"]
[Site "Forchheim"]
[Date "2016.10.01"]
[Round "1.23"]
[White "Schmitz, Tim"]
[Black "Zirlik, Rudi"]
[Result "0-1"]
[WhiteElo "1808"]
[BlackElo "1873"]
[PlyCount "120"]
[EventDate "2016.??.??"]
[WhiteTeam "SC Sendling"]
[BlackTeam "SV Unterkochen"]

1. e4 c5 2. Nf3 d6 3. d4 cxd4 4. Nxd4 Nc6 5. Nc3 Nf6 6. Bg5 Qb6 7. Ndb5 Be6 8.
Qd2 a6 9. Be3 Qa5 10. Nd4 Nxd4 11. Bxd4 Rc8 12. Bd3 Ng4 13. f4 Rg8 14. h3 Nf6
15. a3 g6 16. Qe3 Nd7 17. O-O Bc4 18. e5 dxe5 19. fxe5 Bg7 20. Rae1 Be6 21. b4
Qc7 22. b5 Bxe5 23. Bxe5 Nxe5 24. Qxe5 Qxc3 25. bxa6 Qxe5 26. Rxe5 bxa6 27. Ra5
Rc6 28. Rxa6 Rxa6 29. Bxa6 Kd7 30. Bb5+ Kd6 31. Kf2 Kc5 32. a4 Bf5 33. c3 Rd8
34. Ke3 Rd6 35. g4 Be6 36. Rf4 Rd1 37. g5 Rg1 38. h4 Rg3+ 39. Rf3 Rxf3+ 40.
Kxf3 Bb3 41. Ke4 Kb6 42. Ke5 Kc5 43. Ke4 f6 44. gxf6 exf6 45. h5 Bc2+ 46. Kf4
g5+ 47. Ke3 h6 48. Kd2 Bb3 49. Kd3 Bf7 50. Ke4 Be6 51. Be2 Bd7 52. a5 f5+ 53.
Ke5 f4 54. Ke4 Bc6+ 55. Ke5 f3 56. Bd3 Bb5 57. Be4 f2 58. Bg2 f1=Q 59. Bxf1
Bxf1 60. Kf5 Be2 0-1

[Event "15. Sparkassen Open 2016 - Gruppe B"]
[Site "Forchheim"]
[Date "2016.10.01"]
[Round "1.24"]
[White "Rierl, Klaus"]
[Black "Moses, Selina"]
[Result "1/2-1/2"]
[WhiteElo "1756"]
[BlackElo "1839"]
[PlyCount "27"]
[EventDate "2016.??.??"]
[WhiteTeam "SG Sonneberg"]
[BlackTeam "TuS Coswig"]

1. Nf3 Nf6 2. b3 d5 3. d4 e6 4. e3 Nbd7 5. Nbd2 Bd6 6. Bb2 O-O 7. Be2 c6 8. O-O
Re8 9. c4 e5 10. dxe5 Nxe5 11. Nxe5 Bxe5 12. Bxe5 Rxe5 13. Nf3 Re8 14. Qc2
1/2-1/2

[Event "15. Sparkassen Open 2016 - Gruppe B"]
[Site "Forchheim"]
[Date "2016.10.01"]
[Round "1.25"]
[White "Hafensteiner, Tim"]
[Black "Kirchner, Markus"]
[Result "1-0"]
[WhiteElo "1822"]
[BlackElo "1704"]
[PlyCount "69"]
[EventDate "2016.??.??"]
[WhiteTeam "Biebertaler SF"]
[BlackTeam "SF Schöneck"]

1. e4 e6 2. Nf3 d5 3. Nc3 Nf6 4. e5 Nfd7 5. d4 c5 6. dxc5 Bxc5 7. Bd3 Nc6 8.
Bf4 Nb6 9. O-O Bd7 10. a3 Nc4 11. Bxc4 dxc4 12. Qe2 Rc8 13. Ne4 Be7 14. Rfd1
O-O 15. Rd2 Qc7 16. Rad1 Rfd8 17. Nd6 Bxd6 18. Rxd6 Ne7 19. Bg5 Nd5 20. Bxd8
Rxd8 21. Nd4 Rc8 22. Nf5 Bc6 23. Nd4 Bd7 24. Qf3 Bc6 25. Qg4 c3 26. b4 g6 27.
Nb3 b6 28. Nd4 Be8 29. Nb3 Ba4 30. Nd4 Be8 31. Qg5 Ba4 32. Rd3 Qc4 33. Qh6 Bxc2
34. Nxe6 fxe6 35. Rd7 1-0

[Event "15. Sparkassen Open 2016 - Gruppe B"]
[Site "Forchheim"]
[Date "2016.10.01"]
[Round "1.26"]
[White "Goda, Frederic"]
[Black "Wieczorek, Heinz"]
[Result "0-1"]
[WhiteElo "1695"]
[BlackElo "1793"]
[PlyCount "86"]
[EventDate "2016.??.??"]
[WhiteTeam "SC Weiße Dame Ulm"]
[BlackTeam "SW Nürnberg Süd"]

1. d4 Nf6 2. c4 e6 3. Nf3 b6 4. g3 Bb7 5. Bg2 Bb4+ 6. Nbd2 O-O 7. O-O d5 8. Ne5
a5 9. Qc2 Nc6 10. Nxc6 Bxc6 11. Nf3 dxc4 12. Bf4 Bd5 13. Rfd1 Rc8 14. Ne5 Bxg2
15. Kxg2 Qd5+ 16. f3 b5 17. e4 Qb7 18. a3 Bd6 19. a4 Bxe5 20. Bxe5 Nd7 21. Bf4
Rb8 22. axb5 Qxb5 23. Bxc7 Qxb2 24. Ra2 Qxc2+ 25. Rxc2 Ra8 26. Rxc4 Rfc8 27. d5
exd5 28. exd5 Ra7 29. d6 a4 30. Rcc1 a3 31. Re1 a2 32. Ra1 Kf8 33. Re2 Rca8 34.
Rc2 Nf6 35. Rb2 Ke8 36. Kf2 Kd7 37. Ke2 Nd5 38. Bb8 Ra6 39. Rb7+ Kd8 40. Rxf7
Rb6 41. Bc7+ Ke8 42. Bxb6 Kxf7 43. Kd2 Nxb6 0-1

[Event "15. Sparkassen Open 2016 - Gruppe B"]
[Site "Forchheim"]
[Date "2016.10.01"]
[Round "1.27"]
[White "Rosenhain, Thomas"]
[Black "Mantel, Hubert"]
[Result "0-1"]
[WhiteElo "1860"]
[BlackElo "1787"]
[PlyCount "60"]
[EventDate "2016.??.??"]
[WhiteTeam "Schachpinguine Berlin"]
[BlackTeam "Zabo-Eintracht Nürnberg"]

1. d4 e6 2. c4 d5 3. Nc3 f5 4. g3 Nf6 5. Bg2 c6 6. b3 Bb4 7. Bb2 Qa5 8. Qc2 Ne4
9. Bxe4 fxe4 10. e3 O-O 11. Nge2 Nd7 12. Nf4 e5 13. a3 exf4 14. axb4 Qd8 15.
gxf4 Nf6 16. h3 Be6 17. Qe2 Bf7 18. Rg1 Bh5 19. Qf1 Bf3 20. Ba3 Qd7 21. b5 Rfb8
22. Rg5 a6 23. Na4 b6 24. bxc6 Qxc6 25. Nc3 Rc8 26. Nxd5 Nxd5 27. Rxd5 b5 28.
Rd6 Qc7 29. Bc5 Rd8 30. Raxa6 Rxa6 0-1

[Event "15. Sparkassen Open 2016 - Gruppe B"]
[Site "Forchheim"]
[Date "2016.10.01"]
[Round "1.28"]
[White "Meyer, Robert"]
[Black "Nahlik, Bernhard"]
[Result "1/2-1/2"]
[WhiteElo "1748"]
[BlackElo "1600"]
[PlyCount "40"]
[EventDate "2016.??.??"]
[WhiteTeam "SC Stein"]
[BlackTeam "SC Ansbach"]

1. d4 d5 2. Nf3 Nf6 3. e3 g6 4. Bd3 Bg7 5. O-O O-O 6. Nbd2 Nc6 7. c3 b6 8. b3
Bb7 9. Bb2 Nd7 10. e4 dxe4 11. Nxe4 e6 12. Qe2 Nf6 13. Rfe1 Nd5 14. Ba6 Bxa6
15. Qxa6 Qc8 16. Qxc8 Rfxc8 17. a4 Na5 18. b4 Nc4 19. Bc1 Nd6 20. Bd2 h6
1/2-1/2

[Event "15. Sparkassen Open 2016 - Gruppe B"]
[Site "Forchheim"]
[Date "2016.10.01"]
[Round "1.29"]
[White "Mooser, Nicolas"]
[Black "Pils, Martina"]
[Result "1-0"]
[WhiteElo "1832"]
[BlackElo "1742"]
[PlyCount "117"]
[EventDate "2016.??.??"]
[WhiteTeam "PSV Dorfen"]
[BlackTeam "SK Weilheim"]

1. Nf3 c5 2. g3 Nf6 3. Bg2 g6 4. O-O Bg7 5. d4 c4 6. Na3 d5 7. b3 cxb3 8. cxb3
Bf5 9. Bf4 Qd7 10. Ne5 Qe6 11. Rc1 Nbd7 12. Nb5 O-O 13. Nc7 Qb6 14. Nxa8 Rxa8
15. Nxd7 Nxd7 16. Bxd5 Bxd4 17. Bc7 Qf6 18. Bxb7 Rf8 19. e3 Be5 20. Bxe5 Qxe5
21. Qd4 Qxd4 22. exd4 Nb6 23. Rc7 e6 24. Bg2 a6 25. Rfc1 Rd8 26. R7c6 Rb8 27.
h3 Bd3 28. Rd6 Kg7 29. Rcc6 Na8 30. Bf1 Bb5 31. Bxb5 axb5 32. Kg2 Kf6 33. d5
Re8 34. dxe6 fxe6 35. f4 h5 36. Kf3 Re7 37. a4 bxa4 38. bxa4 Nc7 39. a5 Kf7 40.
Rd1 Nb5 41. Rc5 Nc7 42. Ra1 Na6 43. Rc8 Rb7 44. Ra3 Ra7 45. Rb3 Nc7 46. Rbb8
Rxa5 47. Rb7 Ra3+ 48. Ke2 Ke7 49. Rcxc7+ Kd6 50. Rc1 Rxg3 51. Rb6+ Kd5 52. Rb5+
Kd6 53. Rd1+ Ke7 54. Rd3 Rg2+ 55. Kf3 Rc2 56. Re3 Rc6 57. f5 gxf5 58. Rxf5 h4
59. Rf4 1-0